LEADER 00829nam a2200205 i 4500 001 000000122335 003 CaOOAMICUS 005 20040130000000.0 008 040130n it u000 u ita u 013 $a95030 040 $aSeMil$bita 100 1 $aBattisti, Eugenio <1924-1989>.$0(OLS)http://semarc/name/89766 245 10$aTomo 1. 300 $aP. 1-345 :$briccamente ill. 700 1 $aDalai Emiliani, Marisa.$0(OLS)http://semarc/name/5284 773 0 $aBattisti, Eugenio <1924-1989>$tPiero della Francesca.$bNuova ed. riveduta e aggiornata con il coordinamento scientifico di.$dMilano : Electa, copyr. 1992.$w()10909 850 $aSeMil 852 $aSeMil$W1$xVenegono$y1$m5F IX 18$j77329$B77329$CSeMilBibl$Z2$F79147 $81 961 $aOmaggio: Martini Card. Carlo Maria 996 $6245$aTomo 1$9(OLS)http://semarc/title/46685 LEADER 00759nam a2200193 i 4500 001 000000232587 003 CaOOAMICUS 005 20140902000000.0 008 140902s1816 it u000 u mul u 013 $a211490 026 $ai.t- e.24 e.ea **** (7) 1816 (R) 040 $aSeMil$bita 245 10$aLibro 2. 300 $a107, [1] p. 500 $aSegn. : [2a]4 2b-2m4 2n6. 773 0 $tSalterio ebraico versificato dal commendatore Giovambattista co. Gazola sulla italianizazione dell'abate Giuseppe Venturi col testo e note. [Libro 1. -5.].$dVerona : Dalla tipografia Mainardi, 1816.$g2$w()30446 850 $aSeMil 852 $aSeMil$W1$xVenegono$y1$m2X VI 2 FA$j182933$B182933$CSeMilBibl$Z2$F193942 $8I 996 $6245$aLibro 2$9(OLS)http://semarc/title/16227